00609nam a2200193Ia 450000500170000000800410001702000150005805000210007310000390009424500760013325000180020926000390022730000180026633600100028433700140029433800120030850500710032065000240039120231102151242.0120720s2001 mx 000 0 spa d a9706761764 aHJ4666bB47 200110aBarrón Morales, Alejandroeautor aTratamiento Fiscal de los Intereses 2001c / Alejandro Barrón Morales a5a. edición aMéxicob : Fiscales ISEFc, 2001 a136 páginas atexto asin medio avolumen aLey del impuesto sobre la renta Ley del impuesto al valor agregado14aINTERÉSzMÉXICO